Sexueller missbrauch minderjahriger durch katholische geistliche in deutschland.

Bibliographic Details
Main Author: Sandra Fernau;Deborah F. Hellmann
Corporate Author: JSTOR (Organization)
Format: eBook
Language:German
Published: [Place of publication not identified] : Nomos Verlagsgesellschaft, [date of publication not identified]
Series:Interdisziplin©Þre Beitr©Þge zur Kriminologischen Forschung.
Subjects:
Online Access:Connect to the full text of this electronic book

MARC

Tag First Indicator Second Indicator Subfields
LEADER 00000cam a22000003 4500
001 in00004018317
006 m o d
007 cr |||||||||||
008 160329nuuuuuuuuxx o 000 0 ger d
005 20260612160721.2
019 |a 908098871  |a 913797871 
020 |a 3845259396  |q (electronic bk.) 
020 |a 9783845259390  |q (electronic bk.) 
035 |a (OCoLC)948951720  |z (OCoLC)908098871  |z (OCoLC)913797871 
037 |a 22573/ctv9337jk  |b JSTOR 
040 |a YDXCP  |b eng  |e pn  |c YDXCP  |d EBLCP  |d OCLCQ  |d IDB  |d OCLCO  |d OCLCF  |d OCLCQ  |d OCLCO  |d JSTOR  |d UtOrBLW 
043 |a e-gx--- 
049 |a TXAM 
050 4 |a BX1912.9 .S427 2014 
072 7 |a LAW  |x 026000  |2 bisacsh 
082 0 4 |a 261.832 
100 1 |a Sandra Fernau;Deborah F. Hellmann. 
245 1 0 |a Sexueller missbrauch minderjahriger durch katholische geistliche in deutschland. 
264 1 |a [Place of publication not identified] :  |b Nomos Verlagsgesellschaft,  |c [date of publication not identified] 
300 |a 1 online resource. 
336 |a text  |b txt  |2 rdacontent 
337 |a computer  |b c  |2 rdamedia 
338 |a online resource  |b cr  |2 rdacarrier 
490 1 |a Interdisziplin©Þre Beitr©Þge zur Kriminologischen Forschung ;  |v v. 45 
505 0 |a Cover; Über das Scheitern eines Forschungsprojekts zur Untersuchung des sexuellen Missbrauchs durch katholische Geistliche; Nationale und internationale Befunde zu sexuellem Missbrauch durch katholische Geistliche; KFN-Studie zu sexuellem Missbrauch durch katholische Geistliche: Eine quantitative und qualitative Befragung von Betroffenen; Charakteristika sexuellen Missbrauchs durch katholische Geistliche: Zentrale Ergebnisse einer quantitativen Betroffenenbefragung. 
505 8 |a Biografische Umgangsformen mit sexuellem Missbrauch durch katholische Geistliche: Ergebnisse einer qualitativen Interviewstudie mit Betroffenen Psychosoziale Folgen sexuellen Missbrauchs durch katholische Geistliche; Reaktionen auf das Offenbarungsverhalten Betroffener sexuellen Missbrauchs durch katholische Geistliche; Fazit zum sexuellen Missbrauch durch katholische Geistliche: Zusammenfassung der Erkenntnisse aus den KFN-Befragungen; Verzeichnis der Autorinnen und Autoren. 
500 |a Electronic resource. 
610 2 0 |a Catholic Church  |x Clergy  |x Sexual behavior  |z Germany. 
610 2 7 |a Catholic Church.  |2 fast  |0 (OCoLC)fst00531720 
650 0 |a Child sexual abuse by clergy  |z Germany. 
650 7 |a Child sexual abuse by clergy.  |2 fast  |0 (OCoLC)fst00854670 
650 7 |a Clergy  |x Sexual behavior.  |2 fast  |0 (OCoLC)fst00864086 
651 7 |a Germany.  |2 fast  |0 (OCoLC)fst01210272 
650 7 |a LAW / Criminal Law / General.  |2 bisacsh 
655 7 |a Electronic books.  |2 local 
710 2 |a JSTOR (Organization)  |0 http://id.loc.gov/authorities/names/no97001983 
776 0 8 |i Print version:  |a Fernau, Sandra.  |t Sexueller Missbrauch Minderj©Þhriger durch katholische Geistliche in Deutschland.  |d Baden-Baden : Nomos Verlagsgesellschaft, ©2015  |z 9783848718740 
830 0 |a Interdisziplin©Þre Beitr©Þge zur Kriminologischen Forschung. 
856 4 0 |u http://proxy.library.tamu.edu/login?url=https://www.jstor.org/stable/10.2307/j.ctv941sxm  |z Connect to the full text of this electronic book  |t 0 
999 f f |s aec8c54b-2b8e-311e-a0a0-123881e81abb  |i 5dd438fd-734d-399e-a756-72c0f3ac7fac  |t 0 
952 f f |a Texas A&M University  |b College Station  |c Electronic Resources  |s www_evans  |d Available Online  |t 0  |e BX1912.9 .S427 2014  |h Library of Congress classification 
998 f f |a BX1912.9 .S427 2014  |t 0  |l Available Online